Statistiken für Alle Pokemon mit "J"

Klicken Sie hier um das Quiz zu spielen!

Allgemein

  • Dieses Quiz wurde 214 mal gespielt
  • Das Durchschnittsergebnis liegt bei 4 aus 5

Antwortstatistiken

HintAntwort% Korrekt
Kanto (2)087Jugong
94%
Kanto (2)086Jurob
94%
Hoenn (2)385Jirachi
71%
Hoenn (2)256Jungglut
70%
Einall (1)538Jiutesto
60%

Verteilung der Resultate

Perzentil nach korrekt beantworteten Fragen

Anzahl Personen mit jedem Resultat

Ihre Resultats-Entwicklung

Sie haben dieses Quiz noch nicht gespielt